<?xml version="1.0" encoding="UTF-8"?>
<record
    xmlns:xsi="http://www.w3.org/2001/XMLSchema-instance"
    xsi:schemaLocation="http://www.loc.gov/MARC21/slim http://www.loc.gov/standards/marcxml/schema/MARC21slim.xsd"
    xmlns="http://www.loc.gov/MARC21/slim">

  <leader>00882cam a2200313 i 4500</leader>
  <controlfield tag="001">1231807</controlfield>
  <controlfield tag="003">YEEZEN</controlfield>
  <controlfield tag="005">20260107151348.0</controlfield>
  <controlfield tag="008">251110s2025    ch a   g 6    000 c chi d</controlfield>
  <datafield tag="020" ind1=" " ind2=" ">
    <subfield code="a">9786267446744</subfield>
    <subfield code="q">(&#x5E73;&#x88DD;) :</subfield>
    <subfield code="c">NT$340</subfield>
  </datafield>
  <datafield tag="040" ind1=" " ind2=" ">
    <subfield code="a">TWTNM</subfield>
    <subfield code="b">chi</subfield>
    <subfield code="c">TWTNM</subfield>
  </datafield>
  <datafield tag="041" ind1="1" ind2=" ">
    <subfield code="a">chi</subfield>
    <subfield code="h">jpn</subfield>
  </datafield>
  <datafield tag="042" ind1=" " ind2=" ">
    <subfield code="a">nbic</subfield>
  </datafield>
  <datafield tag="084" ind1=" " ind2=" ">
    <subfield code="a">511.7</subfield>
    <subfield code="2">ncsclt</subfield>
  </datafield>
  <datafield tag="090" ind1=" " ind2=" ">
    <subfield code="a">511.7</subfield>
  </datafield>
  <datafield tag="100" ind1="1" ind2=" ">
    <subfield code="a">&#x677E;&#x672C;&#x5065;&#x592A;&#x90CE;</subfield>
  </datafield>
  <datafield tag="245" ind1="1" ind2="0">
    <subfield code="a">&#x4E0D;&#x9700;&#x516C;&#x5F0F;!&#x4E00;&#x770B;&#x5C31;&#x61C2;&#x7684;&#x8CC7;&#x6599;&#x5206;&#x6790;&#x601D;&#x7DAD; /</subfield>
    <subfield code="c">&#x677E;&#x672C;&#x5065;&#x592A;&#x90CE;&#x8457; ; Morio&#x4F5C;&#x756B; ; &#x8A31;&#x90C1;&#x6587;&#x8B6F;</subfield>
  </datafield>
  <datafield tag="250" ind1=" " ind2=" ">
    <subfield code="a">&#x521D;&#x7248;</subfield>
  </datafield>
  <datafield tag="260" ind1=" " ind2=" ">
    <subfield code="a">&#x65B0;&#x5317;&#x5E02; :</subfield>
    <subfield code="b">&#x4E16;&#x8302;,</subfield>
    <subfield code="c">2025.06</subfield>
  </datafield>
  <datafield tag="300" ind1=" " ind2=" ">
    <subfield code="a">6, 200&#x9762; :</subfield>
    <subfield code="b">&#x5716; ;</subfield>
    <subfield code="c">21&#x516C;&#x5206;</subfield>
  </datafield>
  <datafield tag="490" ind1="1" ind2=" ">
    <subfield code="a">&#x92B7;&#x552E;&#x9867;&#x554F;&#x91D1;&#x5178; ;</subfield>
    <subfield code="v">116.</subfield>
  </datafield>
  <datafield tag="650" ind1=" " ind2="7">
    <subfield code="a">&#x7D71;&#x8A08;&#x5206;&#x6790;</subfield>
    <subfield code="2">lcstt.</subfield>
  </datafield>
  <datafield tag="650" ind1=" " ind2="7">
    <subfield code="a">&#x76F8;&#x95DC;&#x5206;&#x6790;</subfield>
    <subfield code="2">lcstt.</subfield>
  </datafield>
  <datafield tag="650" ind1=" " ind2="7">
    <subfield code="a">&#x6F2B;&#x756B;</subfield>
    <subfield code="2">lcstt.</subfield>
  </datafield>
  <datafield tag="700" ind1="0" ind2=" ">
    <subfield code="a">Morio.</subfield>
  </datafield>
  <datafield tag="700" ind1="1" ind2=" ">
    <subfield code="a">&#x8A31;&#x90C1;&#x6587;</subfield>
  </datafield>
  <datafield tag="830" ind1=" " ind2="0">
    <subfield code="a">&#x92B7;&#x552E;&#x9867;&#x554F;&#x91D1;&#x5178; ;</subfield>
    <subfield code="v">116.</subfield>
  </datafield>
  <datafield tag="942" ind1=" " ind2=" ">
    <subfield code="2">ccl</subfield>
    <subfield code="c">BOOK</subfield>
  </datafield>
  <datafield tag="999" ind1=" " ind2=" ">
    <subfield code="c">7681</subfield>
    <subfield code="d">7681</subfield>
  </datafield>
  <datafield tag="952" ind1=" " ind2=" ">
    <subfield code="0">0</subfield>
    <subfield code="1">0</subfield>
    <subfield code="2">ccl</subfield>
    <subfield code="4">0</subfield>
    <subfield code="7">0</subfield>
    <subfield code="a">yeezen</subfield>
    <subfield code="b">yeezen</subfield>
    <subfield code="c">YEEZEN</subfield>
    <subfield code="d">2026-01-07</subfield>
    <subfield code="l">4</subfield>
    <subfield code="m">2</subfield>
    <subfield code="o">511.7</subfield>
    <subfield code="p">C03267</subfield>
    <subfield code="q">2026-04-23</subfield>
    <subfield code="r">2026-04-09 00:00:00</subfield>
    <subfield code="s">2026-04-09</subfield>
    <subfield code="w">2026-01-07</subfield>
    <subfield code="y">BOOK</subfield>
    <subfield code="z">&#x300C;&#x8CC7;&#x6599;&#x5206;&#x6790;&#x597D;&#x96E3;&#xFF1F;&#x770B;&#x5230;&#x516C;&#x5F0F;&#x5C31;&#x982D;&#x75DB;&#xFF1F;&#x300D; &#x5225;&#x64D4;&#x5FC3;&#xFF01;&#x4E0D;&#x6703;&#x6578;&#x5B78;&#x4E5F;&#x6C92;&#x95DC;&#x4FC2;&#xFF01;&#x61C2;&#x5F97;&#x601D;&#x8003;&#xFF0C;&#x624D;&#x80FD;&#x771F;&#x6B63;&#x6D3B;&#x7528;&#x6578;&#x64DA;&#xFF01; &#x8CC7;&#x6599;&#x5206;&#x6790; &#x2260; &#x516C;&#x5F0F;&#x8207;&#x6578;&#x5B78;&#xFF01; &#x638C;&#x63E1; &#x300C;&#x6B63;&#x78BA;&#x63D0;&#x554F;&#x3001;&#x5EFA;&#x7ACB;&#x5047;&#x8A2D;&#x3001;&#x9A57;&#x8B49;&#x63A8;&#x7406;&#x300D; &#x7684;&#x601D;&#x7DAD;&#xFF0C; &#x8B93;&#x4F60;&#x4E0D;&#x9760;&#x8907;&#x96DC;&#x516C;&#x5F0F;&#xFF0C;&#x4E5F;&#x80FD;&#x770B;&#x61C2;&#x6578;&#x64DA;&#x3001;&#x505A;&#x51FA;&#x7CBE;&#x6E96;&#x6C7A;&#x7B56;&#xFF01;</subfield>
  </datafield>
</record>
